| 000 | 00486nam a22001697a 4500 | ||
|---|---|---|---|
| 003 | BD-ChCU | ||
| 005 | 20260113143033.0 | ||
| 008 | 260113b bg ||||| |||| 00| 0 ben d | ||
| 040 | _cBD-ChCU | ||
| 082 | _a592.64 T 137 e | ||
| 100 |
_aTalashilkar S C _919152 |
||
| 245 |
_aEarthworms in agriculture/ _cs.c Talashilkar |
||
| 260 |
_aJodpur: _bAgrobios, _c2008 |
||
| 300 | _a182P. | ||
| 650 | 0 |
_aEarthworms -- Life cycle of earthworms -- Vermicomposting _919153 |
|
| 942 |
_2ddc _cBK _n0 |
||
| 999 |
_c110996 _d110996 |
||